000 00436nam a2200181Ia 4500
005 20240823024943.0
008 240823s9999||||xx |||||||||||||| ||und||
041 _aENGLISH
082 _A624.15136 L8
100 _a"Capper,Leonard P [etal]"
245 0 _aProblems in Engineering Soils
250 _a1st
260 _c1978
_b"Oxford,New Delhi"
500 _aYES
650 _aSoil Testing
_bCivil
942 _cBK
999 _c185148
_d185148